Ateng kerja gila-gila

Bibliographic Details
Main Author: Jusang Bolong
Format: Book
Published: Selangor : Cerdik Publications , 2006
Series:Novel kanak-kanak
Subjects:

MARC

LEADER 00000cam a2200000 7i4500
001 0000001290
005 20151222.0
008 070704
020 |a 9837020253 
090 0 0 |a JF   |b MAL 
100 1 |a Jusang Bolong 
245 1 0 |a Ateng kerja gila-gila   |c Jusang Bolong 
260 |a Selangor :   |b Cerdik Publications ,   |c 2006 
440 |a Novel kanak-kanak 
500 |a Children ages 10-12 years old (pink) 
650 0 |a Malay fiction 
999 |a 0000956100   |b Book   |c Children Collection   |e Cawangan Bandar Tenggara 
999 |a 0000956101   |b Book   |c Children Collection   |e Cawangan Muar 
999 |a 0000956102   |b Book   |c Children Collection   |e Cawangan Batu Pahat 
999 |a 0000956103   |b Book   |c Children Collection   |e Cawangan Pontian 
999 |a 0000956104   |b Book   |c Children Collection   |e Cawangan Sri Merlong 
999 |a 0001151543   |b Book   |c Children Collection   |e Cawangan Tangkak